Advances in composite materials (Record no. 65446)
[ view plain ]
| 000 -LEADER | |
|---|---|
| fixed length control field | 00559nam a22001697a 4500 |
| 003 - CONTROL NUMBER IDENTIFIER | |
| control field | NUST - PNEC |
| 005 - DATE AND TIME OF LATEST TRANSACTION | |
| control field | 20170116180915.0 |
| 008 - FIXED-LENGTH DATA ELEMENTS--GENERAL INFORMATION | |
| fixed length control field | 150903b xxu||||| |||| 00| 0 eng d |
| 020 ## - INTERNATIONAL STANDARD BOOK NUMBER | |
| International Standard Book Number | 8120405722 |
| 040 ## - CATALOGING SOURCE | |
| Transcribing agency | LIBRARY |
| 082 ## - DEWEY DECIMAL CLASSIFICATION NUMBER | |
| Classification number | 620.112 RAM |
| 100 ## - MAIN ENTRY--PERSONAL NAME | |
| 9 (RLIN) | 7415 |
| Personal name | International Conference on Advances in Composite Materials |
| 245 ## - TITLE STATEMENT | |
| Title | Advances in composite materials |
| Remainder of title | proceedings of the International Conference on Advances in Composite Materials |
| Statement of responsibility, etc. | P. Ramakrishnan |
| 260 ## - PUBLICATION, DISTRIBUTION, ETC. | |
| Date of publication, distribution, etc. | c 1991 |
| 650 ## - SUBJECT ADDED ENTRY--TOPICAL TERM | |
| 9 (RLIN) | 6989 |
| Topical term or geographic name entry element | Composite materials |
| General subdivision | ME |
| 942 ## - ADDED ENTRY ELEMENTS (KOHA) | |
| Source of classification or shelving scheme | |
| Koha item type | Book |
| Withdrawn status | Lost status | Source of classification or shelving scheme | Damaged status | Not for loan | Permanent Location | Current Location | Shelving location | Date acquired | Total Checkouts | Full call number | Barcode | Date last seen | Price effective from | Koha item type |
|---|---|---|---|---|---|---|---|---|---|---|---|---|---|---|
| Pakistan Navy Engineering College (PNEC) | Pakistan Navy Engineering College (PNEC) | 620.112 RAM | PNECLIB-017010 | 09/03/2015 | Book |
